1164 1495 1736 1106 1701 1530 1958 1711 1203 1632 1996 1581 1607 1228 1162 1322 1147 1507 1306 1487 1818 1380 1102 1329 1508 1323 1140 1272 1143 1023 1111 1633 1163 1142 1753 1475 1647 1346 1946 1054 1637 1958 1281 1526 1730 1730 1895 1101 1502 1526 1874 1826 1857 1269 1848 1255 1702 1262 1442 1407 1337 1013 1500 1289 1358 1257 1817 1752 1254 1475 1345 1586 1943 1029 1637 1556 1575 1205 1684 1076 1311 1272 1416 1802 1044 1773 1006 1436 1207 1333 1904 1818 1458 1552 1518 1183 1962 1957 1479 BCNSPRNW ULIB Ver.6.0+V

เปลี่ยนเป็นภาษาไทย

Change to English
 แสดงรายละเอียดบรรณานุกรม
  กลับหน้าหลัก

Brief Record : Get Marc (ISO 2709) : E-mail record : QR code < ปิดหน้าต่าง
LEADER : 00000nam 2200000uu 4500
001    13399108362
003     ULIB
008    110301s2552||||th 000 0 tha d
020    9786165510585
060 04 QV38^bอ262ย 2552
100 0  อภิฤดี เหมะจุฑา
245 10 ยาที่มีความเสี่ยงสูง /^cอภิฤดี เหมะจุฑา
250    พิมพ์ครั้งที่ 1
260    กรุงเทพฯ :^bคณะเภสัชศาสตร์ จุฬาลงกรณ์มหาวิทยาลัย,^c2552
300    (6), 300 หน้า :^bภาพประกอบ ;^c21 ซม.
650  7 การใช้ยา
650  7 ยา
650  7 ยา^xความเสี่ยง
945    ^p259^l0^i028825
945    ^p259^l0^i028823
945    ^p259^l0^i028824
995    ทศพร
999 ^a ใช้งานได้ทุกระบบ
รายการนี้ยังไม่มีแท็ก
คุณยังไม่ได้ล็อกอิน คุณสามารถมีกิจกรรมร่วมกับเว็บไซต์ได้ แต่ต้องล็อกอินก่อน ::
  ล็อกอิน

รายการสื่อสารสนเทศ

ลำดับที่ ประเภท เลขเรียก/บาร์โค้ด สถานที่ สถานะ
- ไม่พบข้อมูล -

รายการใกล้เคียง
    ผู้แต่ง [อภิฤดี เหมะจุฑา]

    หัวเรื่อง [การใช้ยา]
    หัวเรื่อง [ยา]

BibComment


ยังไม่เคยถูกคอมเมนท์

คอมเมนท์ทรัพยากรรายการนี้
  คอมเมนท์: ยาที่มีความเสี่ยง..


 Copyright 2026. Bcnsprnw @Library